| 000 | 00638nam a22001817a 4500 | ||
|---|---|---|---|
| 999 |
_c186549 _d186549 |
||
| 005 | 20220309103150.0 | ||
| 010 | _aENG-131892 | ||
| 020 |
_a9781646785704 _c360.00 |
||
| 035 | _aEN-115424 | ||
| 037 | _bDBAD/PUB | ||
| 082 |
_a230.36 _b1 |
||
| 100 | _aPrabhu, K V | ||
| 245 |
_aPower of Symbols: _bA Guide and a Reference Book for All Genuine Reiki Channels and Spiritualist Who wants to Improve His Power in Healing/ _cK V Prabhu |
||
| 260 |
_bNotion Press _aChennai _c2019 |
||
| 270 |
_aOld No. 38, New No. 6, Mcnichols Road, Chetpet _bChennai _e600031 |
||
| 300 |
_a222p. _c22 cm(pbk) |
||
| 942 |
_2ddc _cEN _h230.6 _mPRA |
||